000 00512nam a2200217Ia 4500
003 OSt
005 20221005132957.0
006 a|||||r|||| 00| 0
007 ta
008 221004b |||||||| |||| 00| 0 eng d
024 _a119972
037 _cTextual
040 _aCRL
_cCRL
_beng
041 _2eng
_aeng
100 _aSingh Narendrdev
_9641899
245 0 _aVedantsaar
260 _c1964
650 _aHINDI LITERATURE
_923866
942 _cTEXL
_2cc
999 _c1065360
_d1065360